000 01715nam0a22003731 4500
001 RU\NLR\BIBL_A\011723582
005 20251120125219.5
010 _a978-5-89773-159-6
_d300
021 _aRU
_bКН-П-18-034467
_9КН-П-18-2503
035 _a(NLR Aleph) 011723582
035 _a(RuMoRGB)009633426
090 _a11497131
_c11497131
100 _a20180608d2018 u y0rusy50 ca
101 0 _arus
_achi
102 _aRU
105 _ay|||j|||000zy
200 1 _aЗнаки и подсказки в общественных местах на острове международного туризма
_eучебное пособие
_fЦао Юймин, У Пин
_gХайнаньский университет, [ТГУ им. Г.Р. Державина]
210 _aТамбов
_cЦентр-пресс
_d2018
215 _a146 с.
_d29
300 _aДанные тит. л. частично парал. кит.
300 _aТекст рус., кит.
510 1 _a中国海南国际旅游岛公共场所标识语
_f曹钰铭、吴平
_g中国海南大学
606 1 _aКитайский язык
_xУчебные издания для специалистов в области туризма
_92578919
_3RU\NLR\AUTH\661524663
610 0 _aХайнань, провинция (Китай)
686 1 _aШ171.1-93рус329.53
700 0 _7ca
_8rus
_aЦао Юймин
_9191520
_3RU\NLR\AUTH\770191571
701 0 _7ca
_8rus
_aУ Пин
_f1968-
_9191519
_3RU\NLR\AUTH\770191570
852 _aNLR
_bОЛСАА-кит.
_j5-1249
942 _cBOOK
980 1 _aCHIN
980 _aNB